000 00508nam a2200193Ia 4500
005 20250508152039.0
008 008 250505s9999 xx 000 0 eng d
037 _aTextual
040 _aFEDL
_beng
_cFEDL
041 _aeng
_2eng
084 _a370.9, ELV
_qFEDL
100 _aElvin Lionel
_9579688
245 0 _aStudies in education
260 _aLondon, UK
_bEvans Brothers Limited
300 _a28p.
650 _aEducation
942 _cTEXL
_h370.9, ELV
999 _c1333904
_d1333904